ARRUPE JESUIT UNIVERSITY

CORONAVIRUS -STOP THE SPREAD - CLEAN,DISINFECT,COVER

Symposium on Cinema in Developing Countries / (Record no. 124438)

MARC details
000 -LEADER
fixed length control field 01371cam a2200337 i 4500
001 - CONTROL NUMBER
control field 110213
003 - CONTROL NUMBER IDENTIFIER
control field ARRUPE
005 - DATE AND TIME OF LATEST TRANSACTION
control field 20160322121409.0
008 - FIXED-LENGTH DATA ELEMENTS--GENERAL INFORMATION
fixed length control field 821021s1979 ii f100 0 eng
010 ## - LIBRARY OF CONGRESS CONTROL NUMBER
LC control number 80902080
020 ## - INTERNATIONAL STANDARD BOOK NUMBER
Terms of availability Rs20.00 ($6.00 U.S.)
035 ## - SYSTEM CONTROL NUMBER
System control number (OCoLC)7173405
035 ## - SYSTEM CONTROL NUMBER
System control number (OCoLC)ocm07173405
035 ## - SYSTEM CONTROL NUMBER
System control number (CStRLIN)NYCG82-B52915
035 ## - SYSTEM CONTROL NUMBER
System control number (NNC)110213
040 ## - CATALOGING SOURCE
Transcribing agency DLC
043 ## - GEOGRAPHIC AREA CODE
Geographic area code a-ii---
-- f------
050 0# - LIBRARY OF CONGRESS CALL NUMBER
Classification number PN1993.5.I8
Item number S95 1979
082 0# - DEWEY DECIMAL CLASSIFICATION NUMBER
Classification number 791.43/09172/4
Edition number 19
300 ## - PHYSICAL DESCRIPTION
Dimensions 25 cm.
111 2# - MAIN ENTRY--MEETING NAME
Meeting name or jurisdiction name as entry element Symposium on Cinema in Developing Countries
Date of meeting (1979 :
Location of meeting New Delhi, India)
9 (RLIN) 23200
245 00 - TITLE STATEMENT
Title Symposium on Cinema in Developing Countries /
Statement of responsibility, etc symposium organized by the Indian Institute of Mass Communication and Directorate of Film Festivals on January 9-11, 1979 in connection with the seventh International Film Festival of India at New Delhi.
260 ## - PUBLICATION, DISTRIBUTION, ETC. (IMPRINT)
Place of publication, distribution, etc New Delhi :
Name of publisher, distributor, etc Publications Division, Ministry of Information and Broadcasting, Govt. of India,
Date of publication, distribution, etc 1979.
300 ## - PHYSICAL DESCRIPTION
Extent 177 p.;
650 #0 - SUBJECT ADDED ENTRY--TOPICAL TERM
Topical term or geographic name as entry element Motion pictures
Geographic subdivision India
Form subdivision Congresses.
9 (RLIN) 23201
650 #0 - SUBJECT ADDED ENTRY--TOPICAL TERM
Topical term or geographic name as entry element Motion pictures
Geographic subdivision Africa
Form subdivision Congresses.
9 (RLIN) 23202
710 2# - ADDED ENTRY--CORPORATE NAME
Corporate name or jurisdiction name as entry element Indian Institute of Mass Communication.
9 (RLIN) 23203
710 1# - ADDED ENTRY--CORPORATE NAME
Corporate name or jurisdiction name as entry element India.
Subordinate unit Directorate of Film Festivals.
9 (RLIN) 23204
711 2# - ADDED ENTRY--MEETING NAME
Meeting name or jurisdiction name as entry element International Film Festival of India.
9 (RLIN) 23205
942 ## - ADDED ENTRY ELEMENTS (KOHA)
Source of classification or shelving scheme Library of Congress Classification
Koha item type Monograph ( Printed materials)
Holdings
Withdrawn status Lost status Source of classification or shelving scheme Damaged status Not for loan Collection code Home library Current library Shelving location Date acquired Total Checkouts Full call number Barcode Date last seen Price effective from Koha item type
    Library of Congress Classification     Main Collection ARRUPE LIBRARY ARRUPE LIBRARY Main Collection 22/03/2016   PN1993.5.I8S95 1979 46500007162 27/03/2019 22/03/2016 Monograph ( Printed materials)

 

Arrupe Library. PO Box MP320 Mt Pleasant, Harare, Zimbabwe
263 242 745411|librarian@aju.ac.zw